=LDR 00000nam 2200000 4500 =001 000533 =005 20250711120926 =035 ##$$a 0010-0725000401 =007 ta =008 250711################a##########0#ind## =020 ##$$a 978-623-307-453-7 =082 ##$$a 398.209 598 =084 ##$$a 398.209 598 THO m =100 #$$a Meenu Thomas =245 1#$$a Monster Makanan /$c Meenu Thomas =250 ##$$a Cetakan Pertama =260 ##$$a Rawamangun :$b Badan Pengembangan dan Pembinaan Bahasa,$c 2022 =300 ##$$a 20 hlm. : $b Ilus. ; $c 29 cm. =650 #4$$a Cerita Anak Indonesia - Terjemahan =650 #4$$a Literasi - Bahan bacaan =856 ##$$a TBM AS SUHADA =990 ##$$a TBM02920292